[Event "XVI Weekend A"]
[Site "Nichelino ITA"]
[Date "2015.10.04"]
[Round "4"]
[White "Finocchiaro, Gianluca"]
[Black "Guarneri, Giuseppe"]
[WhiteElo "2038"]
[BlackElo "1831"]
[Result "1/2-1/2"]
[PlyCount "128"]
[EventDate "2015.10.02"]

1. e4 c5 2. c3 g6 3. d4 cxd4 4. cxd4 d5 5. Nc3 dxe4 6. Bc4 e5 7. Qb3 Nh6 8.
dxe5 Qd4 9. Nge2 Qxe5 10. Bf4 Qa5 11. O-O Bg7 12. Nd5 O-O 13. Nc7 g5 14. Bg3
Nf5 15. Nxa8 Nxg3 16. fxg3 Bg4 17. Rxf7 Rxf7 18. Bxf7+ Kf8 19. Bc4 Qc5+ 20. Kh1
Qf2 21. Qb4+ Ke8 22. Bb5+ Kf7 23. Be8+ Kg8 24. Qc4+ Kh8 25. Bb5 Nc6 26. Qxe4
Ne5 27. Rd1 Bf6 28. Bd3 Nxd3 29. Qxg4 Ne1 30. Qc8+ Kg7 31. Rd7+ Kg6 32. Qg8+
Kf5 33. Qxh7+ Ke5 34. Re7+ Kd6 35. Rd7+ Ke5 36. Rd5+ Kxd5 37. Qxb7+ Ke5 38. Ng1
g4 39. Qb5+ Kd6 40. Qb4+ Kc6 41. Qc4+ Kd6 42. Qc7+ Kd5 43. Qd7+ Ke5 44. Qb7 Kf5
45. Nc7 Bd4 46. Qd5+ Kg6 47. Qe4+ Kh5 48. Qe8+ Kh6 49. Qc6+ Kh7 50. Qe4+ Kh8
51. Qe8+ Kh7 52. Qh5+ Kg8 53. Qxg4+ Kh7 54. Qh4+ Kg8 55. Qg5+ Kh7 56. Qh5+ Kg8
57. Qd5+ Kh7 58. Qe4+ Kh8 59. Qe8+ Kh7 60. Qe4+ Kh8 61. Qh4+ Kg8 62. Qg5+ Kh7
63. Qh5+ Kg8 64. Qg6+ Kh8 1/2-1/2

[Event "XVI Weekend A"]
[Site "Nichelino ITA"]
[Date "2015.10.04"]
[Round "4"]
[White "Gromovs, Sergejs"]
[Black "Llupa, Oltjon"]
[WhiteElo "2196"]
[BlackElo "2033"]
[Result "1-0"]
[PlyCount "29"]
[EventDate "2015.10.02"]

1. d4 d5 2. c4 e6 3. Nc3 c6 4. Nf3 dxc4 5. a4 Bb4 6. g3 Nf6 7. Bg2 Nbd7 8. O-O
a6 9. Qc2 b5 10. axb5 Bxc3 11. bxc6 Ba5 12. cxd7+ Bxd7 13. Ne5 Nd5 14. Nxd7
Kxd7 15. Qa4+ 1-0

[Event "XVI Weekend A"]
[Site "Nichelino ITA"]
[Date "2015.10.04"]
[Round "4"]
[White "Lattanzio, Savino"]
[Black "Yao, Stefano"]
[WhiteElo "2193"]
[BlackElo "2207"]
[Result "1-0"]
[PlyCount "95"]
[EventDate "2015.10.02"]

1. d4 Nf6 2. Nf3 g6 3. c4 Bg7 4. Nc3 d5 5. Bg5 Ne4 6. cxd5 Nxg5 7. Nxg5 e6 8.
Nf3 exd5 9. e3 O-O 10. Be2 c6 11. O-O Qd6 12. Qd2 Re8 13. Na4 Nd7 14. b4 Nf6
15. Rab1 Bf5 16. Bd3 Ne4 17. Qc2 Bf6 18. Nd2 Re7 19. Nc5 Rae8 20. Rb3 h5 21.
Ndxe4 dxe4 22. Be2 h4 23. Rc1 h3 24. g3 Kg7 25. a3 Kh7 26. Na4 Qd5 27. Rc3 Rd8
28. Rc5 Qd6 29. Qd1 Bd7 30. Bg4 Be8 31. Bxh3 b6 32. R5c3 Kg7 33. Bg2 Bd7 34.
Nb2 Qd5 35. R3c2 Qg5 36. Nc4 Bg4 37. Qf1 Qh5 38. Nd2 Rh8 39. h3 Ree8 40. Rxc6
Be2 41. Qe1 Bf3 42. Bxf3 exf3 43. Qd1 Bxd4 44. Qxf3 Bb2 45. Qxh5 Rxh5 46. Rb1
Bxa3 47. Rb3 Bxb4 48. Rxb4 1-0

[Event "XVI Weekend A"]
[Site "Nichelino ITA"]
[Date "2015.10.04"]
[Round "4"]
[White "Lieggi, Daniele"]
[Black "Barcellona, Antonino"]
[WhiteElo "1778"]
[BlackElo "1716"]
[Result "1-0"]
[PlyCount "61"]
[EventDate "2015.10.02"]

1. e4 d6 2. d4 g6 3. Nc3 Bg7 4. Nf3 Bg4 5. Be2 Nc6 6. Be3 Nf6 7. h3 Bxf3 8.
Bxf3 e5 9. d5 Nb8 10. Qd2 Nbd7 11. O-O-O Nb6 12. Be2 a5 13. Bh6 O-O 14. h4 a4
15. h5 Qe7 16. hxg6 fxg6 17. Bxg7 Qxg7 18. Rh2 Nbd7 19. Rdh1 Nc5 20. f3 Nh5 21.
g4 Nf6 22. g5 Nh5 23. Nd1 Nd7 24. Ne3 Rf7 25. Ng4 Kf8 26. Bb5 Ke7 27. Bxd7 Kxd7
28. Qb4 b6 29. Qb5+ Kd8 30. Nf6 Ra5 31. Qe8# 1-0

[Event "XVI Weekend A"]
[Site "Nichelino ITA"]
[Date "2015.10.04"]
[Round "4"]
[White "Manco, David Jonatan"]
[Black "Bergero, Simone"]
[WhiteElo "1892"]
[BlackElo "1933"]
[Result "0-1"]
[PlyCount "64"]
[EventDate "2015.10.02"]

1. e4 c5 2. Nc3 Nc6 3. g3 d6 4. d3 g6 5. Bg2 Bg7 6. Rb1 e6 7. Nge2 a5 8. a3
Nge7 9. Be3 Nd4 10. Qd2 O-O 11. O-O a4 12. f4 Nec6 13. Kh1 Qa5 14. Rf2 Bd7 15.
Ng1 Rab8 16. Nd1 Qxd2 17. Rxd2 b5 18. c3 Nb3 19. Rc2 b4 20. Ne2 bxa3 21. bxa3
Nca5 22. d4 Nc4 23. Ra2 Nxe3 24. Nxe3 cxd4 25. cxd4 Nxd4 26. Rd1 Nxe2 27. Rxe2
Rb3 28. Rxd6 Bb5 29. Re1 Bc3 30. Rc1 Bb2 31. Rb1 Bxa3 32. Rdd1 Bb4 0-1

[Event "XVI Weekend A"]
[Site "Nichelino ITA"]
[Date "2015.10.04"]
[Round "5"]
[White "Alaimo, Cristian"]
[Black "Lieggi, Daniele"]
[WhiteElo "1938"]
[BlackElo "1778"]
[Result "1-0"]
[PlyCount "29"]
[EventDate "2015.10.02"]

1. e4 c5 2. Nf3 Nc6 3. d4 cxd4 4. Nxd4 e6 5. Nc3 Bb4 6. Nxc6 Bxc3+ 7. bxc3 bxc6
8. Qd6 Qa5 9. Ba3 Qxc3+ 10. Ke2 Ba6+ 11. Kd1 Qxa1+ 12. Kd2 Kd8 13. Bxa6 Qxh1
14. Qf8+ Kc7 15. Qxa8 1-0

[Event "XVI Weekend A"]
[Site "Nichelino ITA"]
[Date "2015.10.04"]
[Round "5"]
[White "Barcellona, Antonino"]
[Black "Manco, David Jonatan"]
[WhiteElo "1716"]
[BlackElo "1892"]
[Result "0-1"]
[PlyCount "90"]
[EventDate "2015.10.02"]

1. d4 d5 2. c4 e6 3. Nf3 Nf6 4. Bg5 Be7 5. e3 O-O 6. Nc3 c6 7. Be2 b6 8. cxd5
cxd5 9. O-O Nbd7 10. Rc1 Bb7 11. h3 Rc8 12. Bf4 Re8 13. Qb3 a6 14. Na4 b5 15.
Nc3 Nb6 16. Qd1 Nc4 17. b3 Nd6 18. Bd3 Nde4 19. Ne2 Qa5 20. Bb1 Rxc1 21. Qxc1
Rc8 22. Qd1 h6 23. Ne5 Nd2 24. Re1 Bb4 25. Nd3 Nxb1 26. Nxb4 Na3 27. Nd3 Nc2
28. Nc5 Rxc5 29. dxc5 Qxe1+ 30. Qxe1 Nxe1 31. Nc1 Ne4 32. b4 Nc2 33. Nd3 Nc3
34. a3 Ne2+ 35. Kh2 Nxf4 36. Nxf4 Nxa3 37. Nd3 Nc4 38. Kg3 f6 39. f4 Nxe3 40.
Kf3 d4+ 41. Ke2 Bxg2 42. Nc1 Kf7 43. Kd3 e5 44. fxe5 fxe5 45. Nb3 Nc4 0-1

[Event "XVI Weekend A"]
[Site "Nichelino ITA"]
[Date "2015.10.04"]
[Round "5"]
[White "Bergero, Simone"]
[Black "D'Agostino, Maurizio"]
[WhiteElo "1933"]
[BlackElo "1967"]
[Result "1-0"]
[PlyCount "73"]
[EventDate "2015.10.02"]

1. d4 e6 2. c4 d5 3. Nc3 c5 4. cxd5 cxd4 5. Qa4+ Bd7 6. Qxd4 exd5 7. Qxd5 Nc6
8. Nf3 Nf6 9. Qd1 Bc5 10. e3 Qe7 11. Be2 O-O-O 12. O-O g5 13. b4 Bxb4 14. Bb2
Rhg8 15. a3 Ba5 16. Nd5 Nxd5 17. Qxd5 Bc7 18. Nd4 Nxd4 19. Bxd4 Be6 20. Qb5
Rxd4 21. exd4 Qd6 22. Qe5 Qd8 23. Rfc1 Kb8 24. Qe4 Bd5 25. Qd3 g4 26. Rab1 Rg6
27. g3 Qe7 28. Qc2 a6 29. Qc3 Qe4 30. Qxc7+ Ka7 31. Qc5+ Kb8 32. Rxb7+ Bxb7 33.
Qe5+ Ka7 34. Qxe4 Bxe4 35. Rc7+ Kb6 36. Rxf7 Rc6 37. f4 1-0

[Event "XVI Weekend A"]
[Site "Nichelino ITA"]
[Date "2015.10.04"]
[Round "5"]
[White "Brugo, Marco"]
[Black "De Santis, Alessio"]
[WhiteElo "2111"]
[BlackElo "2303"]
[Result "1/2-1/2"]
[PlyCount "25"]
[EventDate "2015.10.02"]

1. d4 Nf6 2. c4 c5 3. d5 b5 4. cxb5 a6 5. e3 g6 6. Nc3 Bg7 7. Nf3 d6 8. e4 O-O
9. a4 axb5 10. Bxb5 Ba6 11. Bd2 Nbd7 12. O-O Bxb5 13. axb5 1/2-1/2

[Event "XVI Weekend A"]
[Site "Nichelino ITA"]
[Date "2015.10.04"]
[Round "5"]
[White "D'Ingiullo, Roberto"]
[Black "Finocchiaro, Gianluca"]
[WhiteElo "2071"]
[BlackElo "2038"]
[Result "1/2-1/2"]
[PlyCount "35"]
[EventDate "2015.10.02"]

1. e4 e5 2. Nf3 Nc6 3. Bb5 Nf6 4. d3 Bc5 5. c3 d6 6. O-O O-O 7. b4 Bb6 8. Nbd2
a6 9. Bxc6 bxc6 10. Nc4 Ba7 11. Be3 d5 12. Ncxe5 Bxe3 13. fxe3 dxe4 14. dxe4
Qxd1 15. Raxd1 Nxe4 16. Nd7 Nxc3 17. Nxf8 Nxd1 18. Rxd1 1/2-1/2

[Event "XVI Weekend A"]
[Site "Nichelino ITA"]
[Date "2015.10.04"]
[Round "5"]
[White "Forno, Roberto"]
[Black "Guarneri, Giuseppe"]
[WhiteElo "1921"]
[BlackElo "1831"]
[Result "1-0"]
[PlyCount "55"]
[EventDate "2015.10.02"]

1. d4 c5 2. d5 e5 3. dxe6 fxe6 4. Nf3 Nf6 5. e3 d5 6. b3 Nc6 7. Bb2 Be7 8. Bd3
O-O 9. Nbd2 Qc7 10. O-O e5 11. Bb5 e4 12. Ne1 Ng4 13. g3 Qd6 14. Be2 Nce5 15.
h3 Nxe3 16. fxe3 Bxh3 17. Rf4 g5 18. Nxe4 Qe6 19. Rxf8+ Rxf8 20. Nf2 g4 21. e4
d4 22. Nxh3 gxh3 23. Nd3 Qg6 24. Qe1 Rf3 25. Nxe5 Rxg3+ 26. Kh1 Qxe4+ 27. Bf3
Qf4 28. Qxg3+ 1-0

[Event "XVI Weekend A"]
[Site "Nichelino ITA"]
[Date "2015.10.04"]
[Round "5"]
[White "Gilevych, Artem"]
[Black "Gromovs, Sergejs"]
[WhiteElo "2410"]
[BlackElo "2196"]
[Result "1-0"]
[PlyCount "93"]
[EventDate "2015.10.02"]

1. d4 Nf6 2. Nf3 c5 3. d5 e6 4. Nc3 d6 5. e4 a6 6. a4 e5 7. Be2 Be7 8. Nd2 O-O
9. O-O Nbd7 10. Nc4 Ne8 11. f4 exf4 12. Bxf4 Qc7 13. Bg4 Ne5 14. Bxe5 dxe5 15.
Bxc8 Rxc8 16. a5 Nd6 17. Qe2 Nxc4 18. Qxc4 Bd6 19. Nd1 g6 20. Ne3 Kg7 21. b3 f6
22. Qe2 Rf7 23. Qg4 Rcf8 24. Rf3 Qd7 25. Qxd7 Rxd7 26. g4 Bc7 27. Kg2 Rdf7 28.
h4 Bd8 29. Rh3 Bc7 30. h5 Rg8 31. hxg6 hxg6 32. Nc4 f5 33. gxf5 gxf5 34. Rg3+
Kh8 35. Rxg8+ Kxg8 36. d6 Bd8 37. Kf3 fxe4+ 38. Kxe4 Rf2 39. c3 Kf7 40. Kd5 Bf6
41. Rh1 e4 42. Rh7+ Kg6 43. Rxb7 Bxc3 44. Kxe4 Bf6 45. Ke3 Rf1 46. Rb6 Ra1 47.
Rc6 1-0

[Event "XVI Weekend A"]
[Site "Nichelino ITA"]
[Date "2015.10.04"]
[Round "5"]
[White "Llupa, Oltjon"]
[Black "Lattanzio, Savino"]
[WhiteElo "2033"]
[BlackElo "2193"]
[Result "1/2-1/2"]
[PlyCount "26"]
[EventDate "2015.10.02"]

1. d4 d6 2. e4 Nf6 3. f3 c6 4. c4 e5 5. Nc3 Be7 6. Be3 O-O 7. Qd2 Qc7 8. d5 a6
9. Rc1 Nbd7 10. Nh3 Ne8 11. Nf2 c5 12. g4 Qd8 13. Bd3 g6 1/2-1/2

[Event "XVI Weekend A"]
[Site "Nichelino ITA"]
[Date "2015.10.04"]
[Round "5"]
[White "Yao, Stefano"]
[Black "Buffa, Sabarino Pietro"]
[WhiteElo "2207"]
[BlackElo "1778"]
[Result "1-0"]
[PlyCount "43"]
[EventDate "2015.10.02"]

1. d4 Nf6 2. c4 g6 3. Nf3 Bg7 4. g3 O-O 5. Bg2 d6 6. O-O c5 7. Nc3 cxd4 8. Nxd4
a6 9. b3 Qc7 10. Bg5 Nc6 11. Bxf6 Bxf6 12. Nd5 Qd8 13. Nxf6+ exf6 14. Nxc6 bxc6
15. Bxc6 Ra7 16. Qd4 Rc7 17. Bg2 Qe7 18. e3 Bf5 19. Rfd1 Rd8 20. Rd2 Rcd7 21.
Rad1 Qe5 22. Bc6 1-0

[Event "III Open B"]
[Site "Omegna ITA"]
[Date "2015.08.07"]
[Round "1"]
[White "Balducci, Alessandro"]
[Black "Baccarin, Stefano"]
[WhiteElo "1828"]
[BlackElo "1639"]
[Result "1/2-1/2"]
[PlyCount "78"]
[EventDate "2015.08.07"]

1. c4 Nf6 2. d4 g6 3. Nc3 Bg7 4. e4 d6 5. Nf3 O-O 6. Be2 e5 7. O-O Nc6 8. d5
Ne7 9. Ne1 Nd7 10. Be3 f5 11. f3 a5 12. Nd3 b6 13. a3 Nf6 14. b4 axb4 15. axb4
Rxa1 16. Qxa1 fxe4 17. fxe4 Ng4 18. Bg5 Rxf1+ 19. Qxf1 h6 20. Bd2 g5 21. Qf3
Ng6 22. Nf2 Nf6 23. Nb5 Nf4 24. Qe3 Nxe2+ 25. Qxe2 g4 26. h3 gxh3 27. Nxh3 Bd7
28. Nc3 Qe8 29. Qf3 Qg6 30. Kh1 Bg4 31. Qe3 Nh5 32. Nf2 Bd7 33. Ne2 Qf6 34. Qf3
Qg6 35. Kh2 Nf6 36. Ng3 Ng4+ 37. Kg1 Nxf2 38. Kxf2 Bg4 39. Qe3 Kh7 1/2-1/2

[Event "III Open B"]
[Site "Omegna ITA"]
[Date "2015.08.07"]
[Round "1"]
[White "Coqueraut, Lodewyk"]
[Black "Buzio, Alberto"]
[WhiteElo "1637"]
[BlackElo "1825"]
[Result "0-1"]
[PlyCount "72"]
[EventDate "2015.08.07"]

1. e4 c5 2. Nf3 a6 3. Nc3 Nc6 4. d4 cxd4 5. Nxd4 e6 6. Be3 Bb4 7. Bd3 Nf6 8.
O-O Bxc3 9. bxc3 Ne5 10. h3 Qc7 11. Ne2 b5 12. f4 Nc4 13. Bf2 Bb7 14. Re1 Nxe4
15. Bxc4 Nxf2 16. Kxf2 Qxc4 17. Qd4 Qxd4+ 18. cxd4 Rc8 19. c3 g6 20. Rac1 Ke7
21. g4 Rc4 22. Ng3 Rhc8 23. f5 Rxc3 24. Rxc3 Rxc3 25. fxe6 dxe6 26. Re3 Rc4 27.
Ne2 Rc2 28. a3 g5 29. Rb3 Bd5 30. Rc3 Rxc3 31. Nxc3 Bc4 32. Ne4 h6 33. Nc5 a5
34. Nb7 a4 35. Nc5 b4 36. axb4 a3 0-1

[Event "III Open B"]
[Site "Omegna ITA"]
[Date "2015.08.07"]
[Round "1"]
[White "Fattorelli, Luciano"]
[Black "Capossela, Fabio"]
[WhiteElo "1891"]
[BlackElo "1647"]
[Result "1-0"]
[PlyCount "79"]
[EventDate "2015.08.07"]

1. c4 c6 2. Nf3 Nf6 3. b3 g6 4. Bb2 Bg7 5. d4 O-O 6. g3 d6 7. Nbd2 Nbd7 8. e4
Qa5 9. Qc2 e5 10. Bg2 exd4 11. Nxd4 Re8 12. O-O Qb6 13. Rad1 Nc5 14. Rfe1 Bg4
15. f3 Bd7 16. Nf1 d5 17. e5 Nh5 18. f4 dxc4 19. Qxc4 Rad8 20. Kh1 Bf8 21. Rd2
Ng7 22. Red1 Bg4 23. Re1 Re7 24. Ne3 Be6 25. Qc2 Red7 26. Red1 Na6 27. Nxe6
Rxd2 28. Rxd2 Rxd2 29. Qxd2 Nxe6 30. Nc4 Qc7 31. Nd6 Ng7 32. Qc3 Qd7 33. Bf3
Qh3 34. Kg1 Qd7 35. b4 Qc7 36. a3 Qb6+ 37. Kg2 Nc7 38. Ne4 Kh8 39. Nc5 Nge8 40.
Nd7 1-0

[Event "III Open B"]
[Site "Omegna ITA"]
[Date "2015.08.07"]
[Round "1"]
[White "Rivara, Massimo"]
[Black "Bellachioma, Gianluca"]
[WhiteElo "1821"]
[BlackElo "1636"]
[Result "1-0"]
[PlyCount "65"]
[EventDate "2015.08.07"]

1. e4 Nf6 2. e5 Nd5 3. Nc3 Nxc3 4. dxc3 Nc6 5. Nf3 d6 6. Bb5 Bg4 7. Bf4 dxe5 8.
Qxd8+ Rxd8 9. Nxe5 Bd7 10. Nxd7 Rxd7 11. O-O a6 12. Bxc6 bxc6 13. Rad1 e6 14.
Rd4 c5 15. Ra4 Bd6 16. Be3 Ke7 17. Rxa6 Rb8 18. b3 Rb6 19. Ra5 f5 20. g3 h6 21.
Rd1 g5 22. Kf1 f4 23. Bxc5 fxg3 24. hxg3 Bxc5 25. Rxd7+ Kxd7 26. Rxc5 Kd6 27.
Rc4 h5 28. a4 c5 29. Ke2 Rb8 30. b4 cxb4 31. cxb4 Kd5 32. Rc5+ Kd4 33. c3+ 1-0

[Event "III Open B"]
[Site "Omegna ITA"]
[Date "2015.08.07"]
[Round "1"]
[White "Trisconi, Alessio"]
[Black "Benenati, Gianfranco"]
[WhiteElo "1641"]
[BlackElo "1879"]
[Result "1/2-1/2"]
[PlyCount "83"]
[EventDate "2015.08.07"]

1. e4 e5 2. Nf3 Nc6 3. Bb5 a6 4. Bxc6 dxc6 5. d4 exd4 6. Qxd4 Qxd4 7. Nxd4 Bc5
8. Nb3 Bb6 9. Nc3 Be6 10. Bf4 Nf6 11. O-O O-O 12. h3 Rfe8 13. Rfe1 h6 14. Rad1
Rad8 15. Nd2 g5 16. Be3 Ba5 17. e5 Bxc3 18. bxc3 Nd5 19. Bd4 c5 20. c4 cxd4 21.
cxd5 Bxd5 22. Ne4 Bxe4 23. Rxe4 c5 24. f3 Kg7 25. a4 b5 26. axb5 axb5 27. Rb1
Rb8 28. Kf2 b4 29. Ke2 f5 30. exf6+ Kxf6 31. Kd3 Rxe4 32. fxe4 Ke5 33. Kc4 Kxe4
34. Re1+ Kf4 35. Kxc5 Rc8+ 36. Kxd4 Rxc2 37. Re6 Rxg2 38. Rxh6 Rh2 39. Rf6+ Kg3
40. Rg6 Kxh3 41. Rxg5 b3 42. Rh5+ 1/2-1/2

[Event "III Open B"]
[Site "Omegna ITA"]
[Date "2015.08.08"]
[Round "2"]
[White "Buzio, Alberto"]
[Black "Faraci, Libero"]
[WhiteElo "1825"]
[BlackElo "1698"]
[Result "0-1"]
[PlyCount "112"]
[EventDate "2015.08.07"]

1. e4 c6 2. d4 d5 3. exd5 cxd5 4. c4 Nf6 5. Nc3 g6 6. Nf3 Bg7 7. Ne5 O-O 8. Be2
Nc6 9. Nxc6 bxc6 10. Be3 Rb8 11. Qd2 Ba6 12. b3 dxc4 13. bxc4 Qa5 14. O-O Rb4
15. a3 Rb3 16. Nd5 Qxd2 17. Nxe7+ Kh8 18. Bxd2 Rb2 19. Bb4 Rxe2 20. Nxc6 Rc8
21. Ne5 Kg8 22. Bc5 Ne4 23. Bxa7 Bxe5 24. dxe5 Rxc4 25. Be3 Rcc2 26. Rac1 Kf8
27. Rxc2 Rxc2 28. Re1 Nc3 29. h4 Nd5 30. Bh6+ Ke7 31. Rb1 Ke6 32. Bg7 h5 33.
Rb8 Rc8 34. Rxc8 Bxc8 35. g3 f6 36. exf6 Nxf6 37. f3 Ne8 38. Bh6 Bb7 39. Kf2
Kf5 40. Bf8 Nf6 41. Bc5 Nd7 42. Bd6 Ne5 43. f4 Ng4+ 44. Kg1 Ke4 45. a4 Kf3 46.
a5 Bc6 47. Bc7 Nf6 48. Kh2 Nd5 49. f5 gxf5 50. Bf4 Kf2 51. Bc7 Nf6 52. Bb6+ Kf1
53. g4 fxg4 54. Kg3 Nd5 55. Bd4 Ke2 56. Ba7 Kd3 0-1

[Event "III Open B"]
[Site "Omegna ITA"]
[Date "2015.08.08"]
[Round "2"]
[White "Del Nevo, Claudio"]
[Black "Maffeo, Mauro"]
[WhiteElo "1808"]
[BlackElo "1694"]
[Result "1/2-1/2"]
[PlyCount "69"]
[EventDate "2015.08.07"]

1. d4 e6 2. Nf3 f5 3. Bg5 Be7 4. Bf4 Nf6 5. e3 O-O 6. Bd3 d5 7. c3 Ne4 8. Nbd2
Nd7 9. Ne5 Nxe5 10. Bxe5 c5 11. Qe2 c4 12. Bc2 Qe8 13. h4 b5 14. g4 Nxd2 15.
Kxd2 b4 16. gxf5 exf5 17. Rhg1 bxc3+ 18. bxc3 Bf6 19. Qf3 Bxe5 20. Qxd5+ Be6
21. Qxe5 Qd7 22. Ba4 Qe7 23. Rab1 Qf6 24. Qxf6 Rxf6 25. Rb7 g6 26. h5 Bd5 27.
Rd7 Be4 28. Bc2 Rb8 29. Bxe4 fxe4 30. hxg6 hxg6 31. f4 Rfb6 32. Rc1 Rb2+ 33.
Rc2 Rb1 34. Rc1 R1b2+ 35. Rc2 1/2-1/2

[Event "III Open B"]
[Site "Omegna ITA"]
[Date "2015.08.08"]
[Round "2"]
[White "Isoardi, Luigi"]
[Black "Brioschi, Camillo"]
[WhiteElo "1765"]
[BlackElo "1687"]
[Result "1/2-1/2"]
[PlyCount "48"]
[EventDate "2015.08.07"]

1. d4 Nf6 2. Nf3 e6 3. c4 b6 4. e3 Ba6 5. Bd3 Bb4+ 6. Bd2 Bxd2+ 7. Nbxd2 d5 8.
Qc2 Bb7 9. cxd5 exd5 10. O-O O-O 11. Rac1 c6 12. Ne5 Qd6 13. Rfd1 c5 14. Ndf3
c4 15. Be2 Nbd7 16. b3 b5 17. bxc4 bxc4 18. Rb1 Bc6 19. Nxc6 Qxc6 20. Nd2 Rab8
21. Bf3 Rxb1 22. Rxb1 Re8 23. Rb4 Nb6 24. Rb1 g6 1/2-1/2

[Event "III Open B"]
[Site "Omegna ITA"]
[Date "2015.08.08"]
[Round "2"]
[White "Nanni, Sergio"]
[Black "Fattorelli, Luciano"]
[WhiteElo "1716"]
[BlackElo "1891"]
[Result "1-0"]
[PlyCount "55"]
[EventDate "2015.08.07"]

1. e4 c5 2. d4 cxd4 3. c3 d5 4. Bd3 dxe4 5. Bxe4 Nf6 6. Bd3 e5 7. Nf3 Nc6 8.
O-O Bg4 9. Re1 Qc7 10. h3 Bxf3 11. Qxf3 O-O-O 12. Nd2 dxc3 13. bxc3 Bc5 14. Nb3
Bd6 15. a4 h6 16. a5 Ne7 17. Ra4 Kb8 18. Nd2 Qc6 19. Ra2 Qxf3 20. Nxf3 Nc6 21.
a6 Nd5 22. Bd2 Nb6 23. Bb5 Kc7 24. axb7 Kxb7 25. Bxc6+ Kxc6 26. Rxa7 Rd7 27.
Rea1 Rhd8 28. Be3 1-0

[Event "III Open B"]
[Site "Omegna ITA"]
[Date "2015.08.08"]
[Round "2"]
[White "Ormella, Daniele"]
[Black "Rivara, Massimo"]
[WhiteElo "1712"]
[BlackElo "1821"]
[Result "0-1"]
[PlyCount "78"]
[EventDate "2015.08.07"]

1. d4 Nf6 2. c4 e6 3. Nc3 Bb4 4. e3 c5 5. Bd3 d5 6. Nf3 dxc4 7. Bxc4 O-O 8. O-O
Nc6 9. a3 cxd4 10. exd4 Be7 11. b4 b6 12. Bb2 Bb7 13. Rc1 Rc8 14. Ba2 Re8 15.
Re1 g6 16. b5 Na5 17. Ne5 Bf8 18. Qe2 Qe7 19. Red1 Bh6 20. Rc2 Rcd8 21. g3 Nd5
22. f4 Bg7 23. Nxd5 exd5 24. Qf2 f6 25. Nc6 Nxc6 26. bxc6 Bc8 27. c7 Rd7 28.
Rdc1 Qf7 29. Rc6 Bf8 30. Bb3 Bd6 31. Ba4 Ree7 32. Rxd6 Rxd6 33. Qc2 a6 34. Qc3
b5 35. Bb3 Rdd7 36. Qf3 Kg7 37. Rc5 Rxc7 38. Bxd5 Qe8 39. Qc3 Re1+ 0-1

[Event "III Open B"]
[Site "Omegna ITA"]
[Date "2015.08.08"]
[Round "3"]
[White "Cella, Pietro"]
[Black "Nanni, Sergio"]
[WhiteElo "1517"]
[BlackElo "1716"]
[Result "1/2-1/2"]
[PlyCount "99"]
[EventDate "2015.08.07"]

1. d4 Nf6 2. c4 e5 3. dxe5 Ng4 4. Nf3 Nc6 5. Bg5 Bb4+ 6. Nbd2 f6 7. exf6 Nxf6
8. e3 O-O 9. Be2 Qe8 10. O-O Bxd2 11. Qxd2 d6 12. Bxf6 Rxf6 13. Nd4 Qg6 14. Kh1
Ne5 15. Nf3 Ng4 16. Rad1 Qe8 17. h3 Rh6 18. Ng5 Qe7 19. Qd5+ Kf8 20. Bxg4 Bxg4
21. Rd4 Be6 22. Nxe6+ Rxe6 23. Rf4+ Rf6 24. Rxf6+ Qxf6 25. Qxb7 Qd8 26. Rd1 Rb8
27. Qf3+ Kg8 28. Qd5+ Kh8 29. b3 Qf6 30. Rd2 Re8 31. Kg1 h6 32. Qd4 Qg5 33.
Qxa7 Re7 34. Qd4 Qg6 35. Qd3 Qf6 36. a4 Qa1+ 37. Rd1 Qa3 38. Rb1 Qb4 39. Qc2
Re5 40. Ra1 Rf5 41. Qb2 Rc5 42. Qa3 Qb7 43. a5 Rg5 44. f3 Qxf3 45. Qa2 Qxe3+
46. Kh2 Qe5+ 47. Kh1 Rf5 48. a6 Rf8 49. a7 Ra8 50. Qa5 1/2-1/2

[Event "III Open B"]
[Site "Omegna ITA"]
[Date "2015.08.08"]
[Round "3"]
[White "Mantovan, Giuseppe"]
[Black "Noberasco, Mario"]
[WhiteElo "1762"]
[BlackElo "1654"]
[Result "1-0"]
[PlyCount "194"]
[EventDate "2015.08.07"]

1. d4 d5 2. Nf3 Nf6 3. Bf4 e6 4. e3 Nbd7 5. Bd3 c5 6. c3 b6 7. Nbd2 Bb7 8. Ne5
Nxe5 9. Bxe5 Bd6 10. Bb5+ Ke7 11. Bg3 a6 12. Bd3 c4 13. Bc2 Bxg3 14. hxg3 g6
15. Nf3 Ne4 16. Ne5 f6 17. Nf3 b5 18. a3 Bc6 19. Nd2 Nxd2 20. Qxd2 f5 21. Qe2
h5 22. Qf3 Qd6 23. Qf4 Qxf4 24. gxf4 a5 25. Kd2 a4 26. Rae1 Rag8 27. Rh4 Kf6
28. Reh1 Rg7 29. Bd1 Rhg8 30. Bf3 Be8 31. g3 Bc6 32. R4h2 Be8 33. Re1 Bc6 34.
Bd1 Be8 35. Rg1 Ke7 36. Rhg2 Kf6 37. Ke1 Ke7 38. Kf1 Kf6 39. Rh2 Ke7 40. Rh4
Kf6 41. Rh2 Ke7 42. Rhg2 Kf6 43. f3 Bf7 44. Bc2 Be8 45. e4 Bc6 46. exf5 gxf5
47. Kf2 Bd7 48. Rh2 Rh8 49. g4 fxg4 50. fxg4 h4 51. g5+ Ke7 52. Rgh1 Rf8 53.
Rxh4 Rxg5 54. Rh7+ Kd6 55. R1h4 Rgg8 56. R7h6 Ke7 57. Rh7+ Kd8 58. Kf3 Rf6 59.
Rh8 Rgf8 60. Rxf8+ Rxf8 61. Rh7 Kc7 62. Bd1 Kd6 63. Be2 Kc7 64. Bf1 Kd6 65. Bh3
Rf6 66. Bg4 Kc7 67. Bh5 Kd6 68. Rh8 Ke7 69. Rg8 Rh6 70. Rg5 Rf6 71. Re5 Kd6 72.
Kg4 Ke7 73. Kg5 Rf8 74. Bg4 Rg8+ 75. Kh4 Kd6 76. Kg3 Rg6 77. Rg5 Rf6 78. Bh5
Rf8 79. Rg7 Rh8 80. Bg4 Rf8 81. Rg6 Ke7 82. Rg5 Kd6 83. Kf3 Ke7 84. Kg3 Kd6 85.
Re5 Rf6 86. Rh5 Ke7 87. Rh8 Kd6 88. Ra8 Bc6 89. Ra7 Bd7 90. Ra8 Bc6 91. Rg8 Bd7
92. Bh5 Ke7 93. Rg7+ Kd6 94. Bg6 Rf8 95. Bh5 Rf6 96. Rg8 Rf5 97. Kg4 Rf6 {...}
1-0

[Event "III Open B"]
[Site "Omegna ITA"]
[Date "2015.08.08"]
[Round "3"]
[White "Panigoni, Giuseppe"]
[Black "Ciochetta, Giovanni"]
[WhiteElo "1722"]
[BlackElo "1591"]
[Result "1/2-1/2"]
[PlyCount "115"]
[EventDate "2015.08.07"]

1. e4 e5 2. Nf3 Nf6 3. Nxe5 d6 4. Nf3 Nxe4 5. d4 d5 6. Bd3 Be7 7. c4 O-O 8. O-O
Nc6 9. cxd5 Qxd5 10. Nc3 Nxc3 11. bxc3 Bg4 12. Re1 Bxf3 13. Qxf3 Qxf3 14. gxf3
Bd6 15. Rb1 Rab8 16. Be3 b6 17. f4 Ne7 18. c4 Ng6 19. f5 Nf4 20. Bxf4 Bxf4 21.
Re4 Bg5 22. d5 Rbd8 23. Be2 Bf6 24. Rc1 Rfe8 25. f3 Re5 26. Kg2 Rxf5 27. f4 g5
28. Rf1 Rxf4 29. Rfxf4 gxf4 30. Rxf4 Be5 31. Rg4+ Bg7 32. Re4 Kf8 33. Bd3 h6
34. a4 c6 35. dxc6 Rd6 36. Rf4 Rxc6 37. Be4 Rd6 38. Bd5 Rd7 39. h3 Re7 40. Kf3
Bb2 41. Rf5 Kg7 42. Kg4 f6 43. h4 Re1 44. Rf2 Be5 45. Rg2 Re3 46. Kf5+ Rg3 47.
Rxg3+ Bxg3 48. Kg4 Be1 49. h5 Bd2 50. Kf5 Bc3 51. Be6 Kf8 52. Bd5 Ke7 53. Be6
Bd2 54. Bd5 Bg5 55. Bc6 Kd6 56. Bb5 Kc5 57. Ke4 Kb4 58. Kf5 1/2-1/2

[Event "III Open B"]
[Site "Omegna ITA"]
[Date "2015.08.08"]
[Round "3"]
[White "Rivara, Massimo"]
[Black "Faraci, Libero"]
[WhiteElo "1821"]
[BlackElo "1698"]
[Result "1/2-1/2"]
[PlyCount "104"]
[EventDate "2015.08.07"]

1. e4 c6 2. d4 d5 3. Nc3 dxe4 4. Nxe4 Bf5 5. Ng3 Bg6 6. h4 h6 7. h5 Bh7 8. Nf3
Nd7 9. Bd3 Bxd3 10. Qxd3 Ngf6 11. Bd2 Qc7 12. O-O-O e6 13. Kb1 Bd6 14. Ne4 Nxe4
15. Qxe4 Nf6 16. Qe2 O-O-O 17. c4 c5 18. Bc3 Qc6 19. Ne5 Bxe5 20. dxe5 Qe4+ 21.
Qxe4 Nxe4 22. Rxd8+ Rxd8 23. Kc2 Nxf2 24. Rf1 Ng4 25. Rxf7 Rd7 26. Rf3 Kd8 27.
Rd3 Rxd3 28. Kxd3 Ke7 29. Ke2 Kf7 30. Kf3 Nh2+ 31. Kg3 Nf1+ 32. Kf2 Nh2 33. Kg3
Nf1+ 34. Kf4 g5+ 35. hxg6+ Kxg6 36. a3 h5 37. b4 cxb4 38. axb4 a6 39. Be1 Nh2
40. Ke4 Kf7 41. Kd4 Ke7 42. Ke4 Kf7 43. Bh4 Ng4 44. Kd4 Ke8 45. Bg3 Ke7 46. Bf4
Kd7 47. Bg3 Ke7 48. Bh4+ Ke8 49. Ke4 Kf7 50. c5 Kg6 51. Bg3 Nh6 52. Bf4 Nf5
1/2-1/2